000 00351nam a2200133Ia 4500
008 191206s9999 xx 000 0 und d
020 _a089281408X :
090 _aBF1031.N385
245 0 _anature of things: the secret life of inanimate objects
260 _aDestiny Books
260 _ccc1992
300 _a255 p. ; 23 cm.
999 _c16543
_d16543